| 000 | 02278nam0a2200385 4500 | ||
|---|---|---|---|
| 001 | RU\NLR\BIBL_A\010860893 | ||
| 005 | 20260409073245.0 | ||
| 010 |
_a978-5-7638-3193-1 _9500 |
||
| 021 |
_aRU _b2015-69236 _94146 |
||
| 035 | _a(NLR Aleph) 010860893 | ||
| 035 | _a(NILC)RuMoRGB-008017512 | ||
| 090 |
_a10420205 _c10420205 |
||
| 100 | _a20151014d2015 k y0rusy50 ca | ||
| 101 | 0 | _arus | |
| 102 | _aRU | ||
| 105 | _aa|||j|||000yy | ||
| 200 | 1 |
_aТеория вычислительных процессов _eучебник для студентов высших учебных заведений, обучающихся по специальностям: 230105.65 "Программное обеспечение вычислительной техники и автоматизированных систем", 080801.65 "Прикладная информатика (в экономике)", 230700.62 "Прикладная информатика" _fА.С. Кузнецов, Р.Ю. Царев, А.Н. Князьков _gМ-во образования и науки Российской Федерации, Сибирский федеральный ун-т, [Ин-т космических и информ. технологий] |
|
| 210 |
_aКрасноярск _cСФУ _d2015 |
||
| 215 |
_a183 с. _cил. _d21 |
||
| 225 | 1 | _aУМО | |
| 225 | 1 | _aИнформатика | |
| 320 | _aБиблиогр.: с. 183 (13 назв.) | ||
| 606 |
_aПрограммирование (компьют.) _jУчебники для высших учебных заведений _3RU\NLR\AUTH\661257252 _92081275 |
||
| 675 | _a004.3 | ||
| 686 | 1 | _aЗ973.2-018я73-1 | |
| 700 | 1 |
_4070 _8rus _7ca _aКузнецов _bА. С. _cканд. техн. наук, программирование _gАлександр Сергеевич _3RU\NLR\AUTH\7739194 _922178 |
|
| 701 | 1 |
_7ca _8rus _aЦарёв _bР. Ю. _cд-р техн. наук _gРоман Юрьевич _9164739 _3RU\NLR\AUTH\770164783 |
|
| 701 | 1 |
_aКнязьков _bА. Н. _gАлексей Николаевич |
|
| 801 | 0 |
_aRU _bРГБ _c20150909 _gRCR |
|
| 801 | 1 |
_aRU _bРГБ _c20150909 _2rusmarc |
|
| 942 | _cBOOK | ||
| 980 | _aNBR | ||
| 980 | _aNB | ||